مكتبة جامعة عجلون الوطنية

فهرس بحث المكتبة

اثر خبرة الروضة على تحصيل الطلبة في مادتي القراءة وعلاقتها بجنس الطالب وحالته الاجتماعية (Record no. 29416)

MARC details
000 -LEADER
fixed length control field 01180nam a2200229Ii 4500
003 - CONTROL NUMBER IDENTIFIER
control field JO-AjNU
005 - DATE AND TIME OF LATEST TRANSACTION
control field 20240630100519.0
008 - FIXED-LENGTH DATA ELEMENTS--GENERAL INFORMATION
fixed length control field 230605s9999||||xx |||||||||||||| ||und||
040 ## - CATALOGING SOURCE
Original cataloging agency JO-AjNU
Language of cataloging ara
Description conventions rda
Transcribing agency JO-AjNU
041 ## - LANGUAGE CODE
Language code of text/sound track or separate title ara
050 14 - LIBRARY OF CONGRESS CALL NUMBER
Classification number LB1027 1993
100 #1 - MAIN ENTRY--PERSONAL NAME
Personal name ابو مغلي، لينا نبيل عارف
Relator term تقديم
9 (RLIN) 65909
245 00 - TITLE STATEMENT
Title اثر خبرة الروضة على تحصيل الطلبة في مادتي القراءة وعلاقتها بجنس الطالب وحالته الاجتماعية
264 31 - PRODUCTION, PUBLICATION, DISTRIBUTION, MANUFACTURE, AND COPYRIGHT NOTICE
Place of production, publication, distribution, manufacture الجامعة الاردنية: كلية الدراسات العليا، 1993
300 ## - PHYSICAL DESCRIPTION
Extent 82ص
Other physical details رسالة جامعية (ماجستير في مناهج القراءة والحساب واساليب التدريس للصف الاول الاساسي )--الجامعة الاردنية، كلية الدراسات العليا،عمان)، 1993، يشتمل على جداول توضيحية
336 ## - CONTENT TYPE
Content type term text
Content type code txt
Source rdacontent
337 ## - MEDIA TYPE
Media type term unmediated
Media type code n
Source rdamedia
338 ## - CARRIER TYPE
Carrier type term volume
Carrier type code nc
Source rdacarrier
650 #4 - SUBJECT ADDED ENTRY--TOPICAL TERM
Topical term or geographic name entry element علم النفس التربوي
9 (RLIN) 57652
700 #1 - ADDED ENTRY--PERSONAL NAME
Personal name عدس، عبد الرحمن
9 (RLIN) 41847
Relator term مشرف
942 ## - ADDED ENTRY ELEMENTS (KOHA)
Source of classification or shelving scheme Library of Congress Classification
Koha item type Thesis
Holdings
Withdrawn status Lost status Source of classification or shelving scheme Damaged status Not for loan Home library Current library Shelving location Date acquired Total Checkouts Full call number Barcode Date last seen Price effective from Koha item type
    Library of Congress Classification     مكتبة جامعة عجلون الوطنية مكتبة جامعة عجلون الوطنية المراجع 30/06/2024   LB1027 1993 A25848 06/06/2023 30/06/2024 Thesis